000 00331nam a22001337a 4500
020 _a9789381450222
082 _a630
_bBAR/OB
100 _aBajendra
_9541
100 _aVerma,Kailash Chand
_9542
245 _aObjective Agricultural Science
260 _aNew Delhi
_bNew India Publishing Agency
_c2012
300 _a878
942 _cBK
999 _c14357
_d14357